Test de rapidité-Mathématiques-Multiplication-The Content Update - Statistiques

Statistiques générales
  • Ce quiz a été pris 76 fois
    73 depuis la dernière actualisation
  • Le résultat moyen est 4 sur 10
Statistiques - réponses
Calcul Réponse % Correct
11x4 44
82%
10000000x1000000 10000000000000
79%
89x1 89
74%
50x100 5000
66%
37x20 740
64%
10000x0,000001 0,01
56%
37x5 185
56%
45x0,1 4,5
56%
80x81 6480
32%
19x42 798
30%
72x80 5760
21%
700x3500 24500000
15%
12x357 4284
15%
36x45 1620
8%
62x58 3472
0%
Aucun quiz correspondant
Distribution des résultats
% des personnes avec chaque résultat
Percentile par nombre de réponses
Votre historique - résultats
Vous n’avez pas pris ce quiz depuis la dernière actualisation